Todo Venecia : (Registro nro. 12211)

Detalles MARC
000 -LEADER
longitud fija campo de control 01305nam a2200493 4500
003 - IDENTIFICADOR DE NUMERO DE CONTROL
control del campo AR-RoUNA
005 - FECHA DE LA ULTIMA MODIFICACION
control del campo 20251110144353.0
008 - CAMPO DE CONTROL - LIBROS
longitud fija campo de control 251029b |||||||| |||| 00| 0 spa d
040 ## - ORIGEN DE LA CATALOGACION
Agencia que cataloga la obra original AR-RoUNA
Entidad que modifico el registro AR-RoUNA
Idioma en que se cataloga spa
041 ## - CODIGO DE IDIOMA
Codigo de idioma del texto / sonido o titulo separado spa
Codigo de idioma de la traduccion original y / o intermedios de texto ita
044 ## - CODIGO DE PAIS / ENTIDAD PRODUCTORA
Codigo MARC del pais ag
100 1# - ASIENTO PRINCIPAL - NOMBRE PERSONAL
Nombre personal Pucci, Eugenio
9 (RLIN) 27550
245 10 - TITULO PROPIAMENTE DICHO
Titulo Todo Venecia :
Subtitulo en 205 fotocolor.
246 ## - VARIANTE DE TITULO
Titulo propiamente dicho / titulo corto Tutta Venezia
250 ## - MENCION DE EDICION
Edicion declarada 1a. ed.
260 ## - EDITORIAL - PUBLICACION, DISTRIBUCION, ETC. (Pie de imprenta)
Lugar de publicacion, distribucion, etc Florencia :
Nombre del editor, distribuidor, etc Bonechi,
Fecha de publicacion 1968
300 ## - DESCRIPCION FISICA
Extension 127 p.:
Otros detalles fisicos fot. col.,
Dimensiones 24x21 cm
490 ## - MENCION DE SERIE
Titulo de la serie Toda Venecia
Numero del volumen / designacion secuencial v. 6
505 0# - NOTA DE CONTENIDO CON FORMATO
Título INDICE
505 0# - NOTA DE CONTENIDO CON FORMATO
Título principal Agua Alta. p. 110.
505 0# - NOTA DE CONTENIDO CON FORMATO
Título principal Alta Napoleónica. p. 39
505 0# - NOTA DE CONTENIDO CON FORMATO
Título principal Arsenal. p. 92.
505 0# - NOTA DE CONTENIDO CON FORMATO
Título principal Biblioteca Marciana. p. 35
505 0# - NOTA DE CONTENIDO CON FORMATO
Título GALERIAS
505 0# - NOTA DE CONTENIDO CON FORMATO
Título IGLESIAS
505 0# - NOTA DE CONTENIDO CON FORMATO
Título MUSEOS
505 0# - NOTA DE CONTENIDO CON FORMATO
Título PALACIOS
505 0# - NOTA DE CONTENIDO CON FORMATO
Título PUENTES
505 0# - NOTA DE CONTENIDO CON FORMATO
Título ALREDEDORES DE VENECIA
650 #4 - MATERIA - TERMINO TEMATICO
Término temático general Arte
650 #4 - MATERIA - TERMINO TEMATICO
Término temático general Historia
650 #4 - MATERIA - TERMINO TEMATICO
Término temático general Galerias
650 #4 - MATERIA - TERMINO TEMATICO
Término temático general Iglesias
650 #4 - MATERIA - TERMINO TEMATICO
Término temático general Museos
650 #4 - MATERIA - TERMINO TEMATICO
Término temático general Palacios
650 #4 - MATERIA - TERMINO TEMATICO
Término temático general Puentes
650 #4 - MATERIA - TERMINO TEMATICO
Término temático general Patrimonio de la humanidad
651 #4 - MATERIA - NOMBRE GEOGRAFICO
Termino geografico Venecia (Italia)
9 (RLIN) 3578
908 ## - SOPORTE
Soporte Imp
930 ## - ACCESION
Numero de accesion (NR) 12270
942 ## - FUENTE DE CLASIFICACION
Clasificacion Universal Decimal Classification
Tipo de item Libro
945 ## - INFORMACION DE PROCESAMIENTO
Fecha de ingreso o modificacion 2025-10-29
Codigo del operador MIA
980 ## - DECLARACIÓN DE EQUIVALENCIA O SERIE DE REFERENCIA CRUZADA - NOMBRE / TÍTULO PERSONAL [LOCAL, CANADÁ]
Código del operador 1
Nombre del operador Maricel Allasia
Código del operador que modifico el registro 5
Nombre del operador que modifico el registro María Machado
Existencias
Estado retiro Estado perdido Sistema de clasificacion Estado general Restricciones de uso Biblioteca de origen Ubicacion actual Localizacion en estante Fecha de adquisicion Fuente de adquisicion Prestamos totales Signatura y librística Proveedor Numero de ejemplar Tipo de elemento KOHA Nota no publica
Disponible Disponible cdu No dañado Ningun uso de restricciones Arq. Hilarión H. Larguia Arq. Hilarión H. Larguia Col 04/11/2025 Don   7.032+77 P977 18413 ej. 1 Libro